000 00817nas a2200265 4500
001 BR0301265
003 BR-BrBNA
005 20231205103622.0
007 ta
008 230509b bl.|||p| |||| 00| 00por d
040 _aBR-BrBNA
_bpor
_cBiblioteca Nacional de Agricultura
041 _a(Pt)
072 _aL74
100 1 _aRego, A.A.M. da S.
100 1 _aMatushima, E.R.
100 1 _aMiguel, M.C.
245 1 _aChondroma in rufescent tiger-heron (Tigerisoma lineatum): case report
650 _aAVE ORNAMENTAL
650 _aNEOPLASIA
650 _aHISTOPATOLOGIA
650 _aVETERINÁRIA
773 0 _tBrazilian Journal of Veterinary Research and Animal Science (Brazil)
_xISSN 1413-9596
_g(1999), v. 36(1-3) p. 43-44
_wBR0301265
909 _a202311
_bLúcia
_c55
_dLúcia Elande
942 _2AGRIS
_n0
_cANA
999 _c173845
_d173845